Evoluce institucí 20 let po rozpadu Československa

Anlýza a komparácia procesu inštitucionálneho prispôsobovania sa Českej republiky a Slovenska v období rokov 1996 - 2011. Koncept inštitucionálnej ekonómie, keď inštitúcie predstavujú stanovené pravidlá, ktoré určujú vývoj spoločnosti, štátneho zriadenia a ekonomiky v danej krajine. Metodika vypraco...

Ausführliche Beschreibung

Gespeichert in:
Bibliographische Detailangaben
1. Verfasser: Volejníková, Jolana
Format: Buchkapitel
Sprache:Tschechisch
Schlagworte:
Tags: Tag hinzufügen
Keine Tags, Fügen Sie das erste Tag hinzu!

MARC

LEADER 00000nla a2200000 4500
001 0178442
005 20221020085308.7
041 0 |a cze 
044 |a SK 
245 1 0 |a Evoluce institucí 20 let po rozpadu Československa  |c Jolana Volejníková 
520 |a Anlýza a komparácia procesu inštitucionálneho prispôsobovania sa Českej republiky a Slovenska v období rokov 1996 - 2011. Koncept inštitucionálnej ekonómie, keď inštitúcie predstavujú stanovené pravidlá, ktoré určujú vývoj spoločnosti, štátneho zriadenia a ekonomiky v danej krajine. Metodika vypracovaná Svetovou bankou pre hodnotenie inštitucionálnej kvality štátov v rámci projektu Governance Matters. 
610 2 0 |a Československo 
610 2 0 |a dejiny 
610 2 0 |a inštitucionalizmus 
610 2 0 |a teórie ekonomické 
610 2 0 |a vývoj spoločenský 
610 2 0 |a prognózy sociálno-ekonomické 
610 2 0 |a vývoj politický 
610 2 0 |a demokratizácia 
100 1 |a Volejníková, Jolana